00965nas a2200241Ia 4500001001100000003000900011008004100020040001300061040001300074041001300087100003800100210001000138222001000148245007900158250001100237260003100248501008600279300001100365310001200376362003600388500026200424650003700686R308/46429IT-RoPAU151124c99999999xx |||||||||||| ||und|| aIT-RoPAU cIT-RoPAU aITALIANO aAA.VV. gCodice Aut. SPICS: 12000 aLINUS aLinus aLINUS, ANNO 11-N.09 (SETTEMBRE 1975)bLinus, Anno 11-N.09 (Settembre 1975) a1a ed. aMILANObMILANO LIBRIc1975 bPaulus - SPICS - Società San Paolo EM (non-commercial uses only)cCopyright2015 a114 p. aMENSILE aANNO 011, N.09 (SETTEMBRE 1975) aNella Misura in Cui di Pericoli e Pirella. Peantus di C. Schulz. Hugo (Pratt), il Grande più Grande di O. del Buono. Ziggy di T. Wilson. Janis di Garcia e Nieto. Doonesbury di G. Trudeau. Bristow di F. Dickens. Cellulite: Sinfonia per Flauto Maggiore (Sid aFUMETTOvPUBBLICAZIONE PERIODICA